A divorciarse tocan! (Record no. 114943)
[ view plain ]
| 000 -LEADER | |
|---|---|
| campo de control de longitud fija | 00910nam a2200241 i 4500 |
| 001 - NÚMERO DE CONTROL | |
| campo de control | 114943 |
| 003 - IDENTIFICADOR DE NÚMERO DE CONTROL | |
| campo de control | ES-MaACL |
| 005 - FECHA Y HORA DE LA ÚLTIMA TRANSACCIÓN | |
| campo de control | 20230906190305.0 |
| 007 - CAMPO FIJO DE DESCRIPCIÓN FÍSICA--INFORMACIÓN GENERAL | |
| campo de control de longitud fija | t| |
| 008 - DATOS DE LONGITUD FIJA--INFORMACIÓN GENERAL | |
| campo de control de longitud fija | 070213s1932 sp ||||1| spa d |
| 100 1# - ENTRADA PRINCIPAL--NOMBRE DE PERSONA | |
| Nombre de persona | Capella, Jacinto. |
| 9 (RLIN) | 34818 |
| 245 10 - MENCIÓN DEL TÍTULO | |
| Título | A divorciarse tocan! |
| Resto del título | : juguete cómico en tres actos. Original / |
| Mención de responsabilidad, etc. | Jacinto Capella y José de Lucio ; dibujos de Antonio Merlo. |
| 260 ## - PUBLICACIÓN, DISTRIBUCIÓN, ETC. | |
| Lugar de publicación, distribución, etc. | Madrid : |
| Nombre del editor, distribuidor, etc. | Rivadeneyra, |
| Fecha de publicación, distribución, etc. | 1932. |
| 300 ## - DESCRIPCIÓN FÍSICA | |
| Extensión | 63 p. : |
| Otras características físicas | il. ; |
| Dimensiones | 17 cm. |
| 490 1# - MENCIÓN DE SERIE | |
| Mención de serie | La Farsa ; |
| Designación de volumen o secuencia | 234 |
| 500 ## - NOTA GENERAL | |
| Nota general | Estrenado en el Teatro Cómico, de Madrid, el día 10 de Diciembre de 1931. |
| 500 ## - NOTA GENERAL | |
| Nota general | Cubierta de este número: Loreto Prado, Enrique Chicote y Francisco Melgares en una escena de A divorciarse tocan! |
| 700 1# - ENTRADA AGREGADA--NOMBRE PERSONAL | |
| Nombre de persona | Lucio, José de. |
| 9 (RLIN) | 74592 |
| 700 1# - ENTRADA AGREGADA--NOMBRE PERSONAL | |
| Nombre de persona | Merlo, Antonio. |
| 9 (RLIN) | 80579 |
| 830 0# - PUNTO DE ACCESO ADICIONAL DE SERIE-TÍTULO UNIFORME | |
| Título uniforme | La Farsa ; |
| Designación de volumen o secuencia | 234 |
| 9 (RLIN) | 185863 |
| 852 ## - LOCALIZACIÓN | |
| Ubicación | ES-MaACL |
| Número de control de estantería | C-13214 |
| Estatus retirado | Estado de pérdida | Estado de daño | No para préstamo | Biblioteca de origen | Biblioteca actual | Ubicación en estantería | Fecha de adquisición | Fuente de adquisición | Total de préstamos | Signatura topográfica completa | Código de barras | Visto por última vez | Precio de reemplazo | Tipo de ítem Koha |
|---|---|---|---|---|---|---|---|---|---|---|---|---|---|---|
| Biblioteca del Ateneo de Madrid | Biblioteca del Ateneo de Madrid | Sala Palomar | 17/01/2008 | C-13214 | 1119864 | 23/02/2023 | 23/02/2023 | Libro impreso |
